000 01110nam a22002777i 4500
999 _c22710
_d22710
003 AR-CdUCM
008 231005b20212021pe o|||| |||| 00| 0 spa d
020 _a978-612-48625-1-9
040 _aMUNICIPALIDAD PROVINCIAL DEL CUSCO
_cBIBLIOTECA MUNICIPAL DEL CUSCO
041 _hspa
082 _a362.10985 / L91
_bL91
100 _aLossio, Jorge
_948928
245 _aPandemias y salud pública :
_bHistoria de cuarentenas y vacunaciones /
260 _aLima :
_bMinisterio de Cultura Lima, Proyecto Especial Bicentenario de la Independencia del Perú
_c2021.
300 _a180 páginas. :
_c21 cm.
500 _zBibliografía: páginas 161 - 175
505 _aLa viruela y la vacuna antivariólica -- Fiebre amarilla y collera -- El estado y la salud publica -- La malaria y la polio -- El sida -- pandemia del coronavirus -- La cuarentena.
650 _aViruela
_949098
650 _a Coronavirus
_949099
650 _a Malaria
_932264
650 _a Fiebre amarilla
_949100
650 _aPolio sida
_949101
856 _fwww.bicentenario.gob.pe
942 _2ddc
_cLIBROS
945 _apebm
_d2023-10-05